00254nam a2200097 a 450000500170000000800410001705000170005810000180007524500280009326000350012120140414131921.0100719s19uu xx 00 eng d aERbJ69 1992 aSmalls, Irene aJonathan and his mommy. aNew York :bScholastic,c1992.